| 000 | 00645nam a2200217 u 4500 | ||
|---|---|---|---|
| 005 | 20240809063852.0 | ||
| 008 | 160727s2010 es r 000 0 spa d | ||
| 020 | _a9788499211428 | ||
| 035 | _aUPN01000211941 | ||
| 049 | _aI | ||
| 050 | 4 |
_aBF723 S2.8 _bS2.6 |
|
| 100 | 1 |
_aSátiro, Angélica _933619 |
|
| 245 | 1 | 1 |
_a¡Quiero ser de mi tamaño! / _cAngélica Sátiro ; il. Edgar Ramírez. |
| 260 |
_aBarcelona, Esp. : _bOctaedro, _c2010. |
||
| 300 |
_a[20] p. : _bil. col. |
||
| 440 | 0 | _aSin nombre | |
| 650 | 4 |
_aAUTOPERCEPCION EN NIÑOS _915367 |
|
| 650 | 2 |
_aIdentidad _914114 |
|
| 650 | 4 |
_aYo, Él (Psicología) _97691 |
|
| 905 | _aInfantil | ||
| 999 |
_c184042 _d184042 |
||